Central Library OPAC University of Rajshahi

The story of variable stars / (Record no. 51820)

MARC details
000 -LEADER
fixed length control field 00783nam a2200253 a 4500
001 - CONTROL NUMBER
control field 51820
003 - CONTROL NUMBER IDENTIFIER
rucl marc code BD-RjUL
005 - DATE AND TIME OF LATEST TRANSACTION
control field 20211209075721.0
008 - FIXED-LENGTH DATA ELEMENTS--GENERAL INFORMATION
fixed length control field 960117r19461941pau 001 0 eng d
035 ## - SYSTEM CONTROL NUMBER
System control number (BD-RjUL)51940
040 ## - CATALOGING SOURCE
Original cataloging agency BD-RjUL
Language of cataloging eng
Transcribing agency BD-RjUL
Modifying agency BD-RjUL
041 ## - LANGUAGE CODE
Language code of text/sound track or separate title eng
082 ## - DEWEY DECIMAL CLASSIFICATION NUMBER
Edition number 23
Classification number 523.84
Author mark and year CAS 1946
100 1# - MAIN ENTRY--PERSONAL NAME
Personal name Campbell, Leon.
9 (RLIN) 155015
245 14 - TITLE STATEMENT
Title The story of variable stars /
Statement of responsibility, etc. by Leon Campbell and Luigi Jacchia
260 ## - PUBLICATION, DISTRIBUTION, ETC. (IMPRINT)
Place of publication, distribution, etc. Philadelphia :
Name of publisher, distributor, etc. The Blakiston company,
Date of publication, distribution, etc. c1941 [Reprinted 1946]
300 ## - PHYSICAL DESCRIPTION
Pagination v, 226 p. :
Illustrations ill. ;
Size 22 cm.
490 1# - SERIES STATEMENT
Series statement Harvard books on astronomy
500 ## - GENERAL NOTE
General note Includes index
650 #0 - SUBJECT ADDED ENTRY--TOPICAL TERM
Topical term or geographic name as entry element Variable stars
9 (RLIN) 155016
700 1# - ADDED ENTRY--PERSONAL NAME
Personal name Jacchia, Luigi.
830 #0 - SERIES ADDED ENTRY--UNIFORM TITLE
Uniform title Harvard books on astronomy
942 ## - ADDED ENTRY ELEMENTS (KOHA)
Source of classification or shelving scheme Dewey Decimal Classification
Koha item type Books
Holdings
Lost status Source of classification or shelving scheme Damaged status Not for loan Collection code Permanent Location Current Location Shelving location Date acquired Source of acquisition Cost, normal purchase price Total Checkouts Full call number Date last seen Copy number Koha item type
  Dewey Decimal Classification     Non-fiction Central Library, University of Rajshahi Central Library, University of Rajshahi   05/02/1958 Oxford University Press 22.12   523.84 CAS 1946 04/09/2016 C-2 Books